<?xml version="1.0" encoding="UTF-8"?>
<marc:record xmlns:marc="http://www.loc.gov/MARC21/slim">
   <marc:leader>00000nam a2200000 a 4500</marc:leader>
   <marc:datafield ind1="1" ind2=" " tag="100">
      <marc:subfield code="a">Russell, Rachel Reneè</marc:subfield>
      <marc:subfield code="4">aut</marc:subfield>
      <marc:subfield code="e">Verfasser/-in</marc:subfield>
   </marc:datafield>
   <marc:datafield ind1="0" ind2="0" tag="245">
      <marc:subfield code="a">Nikkis (nicht ganz so) schillernde Filmkarriere</marc:subfield>
   </marc:datafield>
   <marc:datafield ind1="0" ind2="0" tag="245">
      <marc:subfield code="b">ab 10</marc:subfield>
   </marc:datafield>
   <marc:datafield ind1="0" ind2="0" tag="245">
      <marc:subfield code="c">Rachel Reneè Russell</marc:subfield>
   </marc:datafield>
   <marc:datafield ind1=" " ind2="1" tag="264">
      <marc:subfield code="a">Köln</marc:subfield>
      <marc:subfield code="b">Egmont Schneider</marc:subfield>
      <marc:subfield code="c">2014</marc:subfield>
   </marc:datafield>
   <marc:datafield ind1="1" ind2=" " tag="490">
      <marc:subfield code="a">DORK Diaries</marc:subfield>
      <marc:subfield code="v">Band: 7</marc:subfield>
   </marc:datafield>
   <marc:datafield ind1="1" ind2=" " tag="520">
      <marc:subfield code="a">OH MEIN GOTT! Der lokale Fernsehsender plant eine Realityshow über Nikkis Band. Die Neuigkeit beschert Nikki einen Spitzenplatz auf der Beliebtheitsskala ihrer Schule. Nur leider nicht bei ihrem Schwarm Brandon. Oder doch? Oh Mann, Jungs und Schmetterlinge im Bauch können ganz schön kompliziert sein vor allem als angehender Fernsehstar. Natürlich versucht auch Nikkis BFFI (Beste-Feindin-für-immer) Mackenzie, einen Auftritt in der Show zu ergattern, und dabei ist ihr jedes Mittel recht.</marc:subfield>
   </marc:datafield>
   <marc:datafield ind1=" " ind2=" " tag="020">
      <marc:subfield code="a">9783505133756</marc:subfield>
      <marc:subfield code="9">9783505133756</marc:subfield>
   </marc:datafield>
   <marc:datafield ind1=" " ind2=" " tag="020">
      <marc:subfield code="a">3505133752</marc:subfield>
      <marc:subfield code="9">3505133752</marc:subfield>
   </marc:datafield>
   <marc:datafield ind1=" " ind2=" " tag="300">
      <marc:subfield code="a">329 S.</marc:subfield>
   </marc:datafield>
</marc:record>
